Statistics for Western Australia Quiz

Click here to take the quiz!

General Stats

  • This quiz has been taken 46 times
  • The average score is 9 of 15

Answer Stats

HintAnswer% Correct
State CapitalPerth
100%
Population (nearest million)3
79%
Animal on the WA flagBlack swan
74%
Premier (2021)Mark McGowan
72%
2nd largest city (population)Bunbury
69%
River Perth is settled onSwan River
69%
AFL/AFLW TeamWest Coast Eagles
69%
AFL/AFLW TeamFremantle Dockers
67%
Premier's political partyLabor
59%
Biggest export after 2020Iron ore
49%
A-League/W-League Soccer TeamPerth Glory
49%
BBL/WBBL Cricket TeamPerth Scorchers
49%
Biggest export partner of WA after 2020China
46%
Aboriginal land Perth is built onNoongar
41%
Most followers on Instagram born in WAKatherine Langford
5%

Score Distribution

Percentile by Number Answered

Percent of People with Each Score

Your Score History

You have not taken this quiz